| 000 | 00000nam##2200000za#4500 |
| 001 | 9.572258 |
| 003 | CaOODSP |
| 005 | 20210624183129 |
| 007 | cr ||||||||||| |
| 008 | 150406|2002||||xxc|||||o f|0| 0 eng|d |
| 040 | |aCaOODSP|beng |
| 043 | |an-cn--- |
| 086 | 1 |aNH18-22/102-109E-PDF |
| 110 | 2 |aCanada Mortgage and Housing Corporation. |
| 245 | 10|aComposite masonry wall ties |h[electronic resource] |
| 260 | |aOttawa - Ontario : |bCanada Mortgage and Housing Corporation |c[2002]. |
| 300 | |a4p.|bfigs., tables |
| 490 | 1 |aResearch highlight. Technical series |v02-109 |
| 590 | |a11-29-Supp|b2011-11-25 |
| 690 | 07|aConstruction industry|2gcpds |
| 690 | 07|aConstruction materials|2gcpds |
| 775 | 08|tAttaches à maçonnerie composites |w(CaOODSP)9.602644 |
| 776 | 0#|tComposite masonry wall ties |w(CaOODSP)9.616005 |
| 830 | #0|aResearch highlight. Technical series ;|v02-109|w(CaOODSP)9.504482 |
| 856 | 40|ahttp://publications.gc.ca|qPDF|s132 KB|uhttps://publications.gc.ca/collections/Collection/NH18-22-102-109E.pdf|y02-109 |
| 986 | |a62881 |